रामचंद्र शुक्ल के समीक्षा सिधांत और गीता-रहस्य / (Record no. 112756)

MARC details
000 -LEADER
fixed length control field 01194nam a22002657a 4500
005 - DATE AND TIME OF LATEST TRANSACTION
control field 20170124102943.0
010 ## - LIBRARY OF CONGRESS CONTROL NUMBER
LC control number A-673587
020 ## - INTERNATIONAL STANDARD BOOK NUMBER
Terms of availability 45.00
035 ## - SYSTEM CONTROL NUMBER
System control number A-673587
037 ## - SOURCE OF ACQUISITION
Source of stock number/acquisition Cen Lib/Ret
040 ## - CATALOGING SOURCE
Original cataloging agency DPL
Language of cataloging HN
082 ## - DEWEY DECIMAL CLASSIFICATION NUMBER
Classification number 820.8
Item number ठाकुर
100 ## - MAIN ENTRY--PERSONAL NAME
Personal name ठकुर, समीक्षा
9 (RLIN) 49056
245 ## - TITLE STATEMENT
Title रामचंद्र शुक्ल के समीक्षा सिधांत और गीता-रहस्य /
Statement of responsibility, etc समीक्षा ठाकुर
246 ## - VARYING FORM OF TITLE
Title proper/short title Ramchandra Shukl ke samiksha sidhant or geeta rahasye /
Remainder of title by Samiksha Thakur
260 ## - PUBLICATION, DISTRIBUTION, ETC. (IMPRINT)
Place of publication, distribution, etc नयी दिल्ली
Name of publisher, distributor, etc राजकमल प्रकाशन
Date of publication, distribution, etc 1993
270 ## - ADDRESS
Address १बे, नेताजी सुभाष मार्ग
City नयी दिल्ली
Postal code 110002
300 ## - PHYSICAL DESCRIPTION
Extent 91पृ.
Dimensions 16सेमी(सजिल्द)
500 ## - GENERAL NOTE
General note गरंथ सूची शामिल
650 ## - SUBJECT ADDED ENTRY--TOPICAL TERM
Topical term or geographic name as entry element हिंदी साहित्य
9 (RLIN) 49057
650 ## - SUBJECT ADDED ENTRY--TOPICAL TERM
Topical term or geographic name as entry element हिंदी समीक्षा
9 (RLIN) 49058
650 ## - SUBJECT ADDED ENTRY--TOPICAL TERM
Topical term or geographic name as entry element Hindi litarature
9 (RLIN) 49059
650 ## - SUBJECT ADDED ENTRY--TOPICAL TERM
Topical term or geographic name as entry element Hindi Review
9 (RLIN) 49060
942 ## - ADDED ENTRY ELEMENTS (KOHA)
Source of classification or shelving scheme Dewey Decimal Classification
Koha item type Hindi Books
Classification part 820.4
Call number suffix ठाकुर
Holdings
Withdrawn status Lost status Damaged status Not for loan Home library Current library Date acquired Source of acquisition Cost, normal purchase price Total Checkouts Full call number Barcode Date last seen Copy number Cost, replacement price Price effective from Koha item type
        Central Library Central Library 10/08/2015 Cen Lib/Ret 45.00   820.8 ठाकुर A-673587 10/08/2015 1 45.00 10/08/2015 Hindi Books

© Delhi Public Library
Hit Counter
free hit counter